Normal view
MARC view
- DIGITAL CONTROL SYSTEMS; MODERN CONTROL-ADVANCED TOPICS; KALMAN FILTERS; LINEAR OPTIMAL CONTROL; LINEAR SYSTEMS AND CLASSICAL CONTROL; STATE EQUATIONS SOLVING
Entry Topical Term
001 - CONTROL NUMBER
- control field: 59556
003 - CONTROL NUMBER IDENTIFIER
- control field: NUST
005 - DATE AND TIME OF LATEST TRANSACTION
- control field: 20210628202347.0
008 - FIXED-LENGTH DATA ELEMENTS
- fixed length control field: 210628|| aca||aabn | a|a d
040 ## - CATALOGING SOURCE
- Original cataloging agency: NUST
- Transcribing agency: NUST
150 ## - HEADING--TOPICAL TERM
- Topical term or geographic name entry element: DIGITAL CONTROL SYSTEMS; MODERN CONTROL-ADVANCED TOPICS; KALMAN FILTERS; LINEAR OPTIMAL CONTROL; LINEAR SYSTEMS AND CLASSICAL CONTROL; STATE EQUATIONS SOLVING
670 ## - SOURCE DATA FOUND
- Source citation: Work cat.: (NUST): Tewari, Ashish 59555, Modern control design with matlab and simulink, 2002
